000 00664nam a2200289Ia 4500
005 20260324131058.0
008 008 260324s9999 xx 000 0 eng d
020 _a9780203956946
037 _aEBOOK
040 _aCRL
040 _beng
040 _cCRL
041 _2eng
041 _aeng
084 _qCRL
100 _aDavid Pargman
_91184138
245 0 _aManaging Performance Stress
245 0 _bModels and Methods
260 _bTaylor and Francis
260 _c2006
365 _a
365 _b185
856 _uhttp://www.taylorfrancis.com/books/9780203956946
942 _cEBOOK
999 _c1780986
_d1780986